000 00649nam a2200193Ia 4500
003 GCL
008 140319s9999 xx 000 0 ara d
040 _aGCL /
_cGCL
082 0 4 _a935
_bف ط
100 1 _aفاضل عبدالواحد على
245 1 0 _aالطوفان فى المراجع المسمارية (هدية من الاديب عبدالفتاح الجمل) /
_cفاضل عبدالواحد على
300 _a224 ص
490 _a
650 0 4 _aالعالم العربى
650 0 4 _aالتاريخ القديم
650 0 4 _aالحضارة الشرقية
650 0 4 _aحضارة العراق القديمة
942 _2ddc
_cBK
999 _c41155
_d41155